| 000 | 00609nam a22001937a 4500 | ||
|---|---|---|---|
| 999 |
_c24845 _d24845 |
||
| 003 | NUST | ||
| 020 | _a978-0471370284 | ||
| 038 | _aNusrat Nadeem | ||
| 040 | _cRCMS | ||
| 082 | _a615.19 ABR | ||
| 245 |
_aBurger's Medicinal Chemistry and Drug Discovery, Drug Discovery Vol-2 _cAbraham Donald |
||
| 250 | _a6th,ed. | ||
| 260 |
_aNew Jersey _bJohn Wiley & Sons _cc2003 |
||
| 300 |
_a1500,p _bill: _c25,cm. |
||
| 538 | _iBioinformatics Lab (Photocopy Book) | ||
| 651 |
_xDrug Discovery _921404 |
||
| 856 |
_3Table of contents only _uhttp://www.loc.gov/catdir/toc/ecip0716/2007017469.html |
||
| 942 |
_2ddc _cBK |
||